00840 2200349 4500001002100000005001500021035002000036007000300056008004100059020001800100082001000118084001600128100002700144245005700171260004500228300002800273650001400301520002600315520001300341990001200354990001200366990001100378990001200389990001100401990001200412990001100424990001100435990001100446990001100457990001100468990001100479INLIS00000000000204220180605102712 a0010-0618000011ta180605 g 0 ind  a9786020326030 a331.7 a331.7 ISK b0 aISKANDARSYAH, Muhammad1 aBuku Pegangan Pencari Kerja /cIskandarsyah Muhammad aJakarta :bGramedia Pustaka Utama,c2016 axxi, 137 hlm. ;c21 cm. aPEKERJAAN aBibliografi: hlm. 137 alampiran a16707 a a16707 b a16707b a16707 a a16707b a16707 a a16707a a16707b a16707b a16707a a16707a a16707b